Trade, foreign exchange, and energy policies in the Islamic Republic of Iran: reform agenda, economic implications, and impact on the poor (Record no. 287967)

000 -LEADER
fixed length control field 00693cam a22001937a 4500
008 - FIXED-LENGTH DATA ELEMENTS--GENERAL INFORMATION
fixed length control field 180718b2002 xxu||||| |||| 00| 0 eng d
100 ## - MAIN ENTRY--PERSONAL NAME
Personal name Jensen, Jesper
245 ## - TITLE STATEMENT
Title Trade, foreign exchange, and energy policies in the Islamic Republic of Iran: reform agenda, economic implications, and impact on the poor
Statement of responsibility, etc. by Jesper Jensen and David Tarr
260 ## - PUBLICATION, DISTRIBUTION, ETC.
Place of publication, distribution, etc. Washington, D.C.
Name of publisher, distributor, etc. World Bank
Date of publication, distribution, etc. 2002
300 ## - PHYSICAL DESCRIPTION
Extent 37p.
440 ## - SERIES STATEMENT/ADDED ENTRY--TITLE
Title Policy research working paper, no. 2768
650 ## - SUBJECT ADDED ENTRY--TOPICAL TERM
Topical term or geographic name entry element Iran --Economic policy
650 ## - SUBJECT ADDED ENTRY--TOPICAL TERM
Topical term or geographic name entry element Iran --Commerce
650 ## - SUBJECT ADDED ENTRY--TOPICAL TERM
Topical term or geographic name entry element Subsidies --Iran
650 ## - SUBJECT ADDED ENTRY--TOPICAL TERM
Topical term or geographic name entry element Poor --Iran
650 ## - SUBJECT ADDED ENTRY--TOPICAL TERM
Topical term or geographic name entry element Energy policy --Iran
650 ## - SUBJECT ADDED ENTRY--TOPICAL TERM
Topical term or geographic name entry element Foreign exchange --Iran
700 ## - ADDED ENTRY--PERSONAL NAME
Personal name Tarr, David
Holdings
Withdrawn status Lost status Damaged status Not for loan Permanent Location Current Location Date acquired Barcode Date last seen Price effective from Koha item type
        Indian Institute of Public Administration Indian Institute of Public Administration 2002-09-17 WB9334 2018-07-20 2018-07-20 WB

Powered by Koha